00000000nam##2200000za#4500
0019.699058
003CaOODSP
00520241203113638
007cr |||||||||||
008150407|2003||||xxc|||||o    f|0| 0 eng|d
040 |aCaOODSP|beng
043 |an-cn---
0861 |aEn14-155/2003E-PDF
1101 |aCanada. |bEnvironment Canada.
24510|aLinking community based ecosystem monitoring to local decision making and policy development on sustainability : |h[electronic resource]|bVoluntary Sector Initiative (VSI) Project - final report / |c[by] Rebecca M. Pollock, Graham S. Whitelaw, and David K. Atkinson ; [co-published by the] Canadian Nature Federation and the Ecological Monitoring and Assessment Network.
260 |aOttawa - Ontario : |bEnvironment Canada |cMarch 2003.
300 |a96p.|bcoloured maps, figs., references, tables
590 |a14-21-Supp|b2014-12-11
69007|aCommunity partnerships|2gcpds
69007|aEnvironmental management|2gcpds
77508|tMettre à profit la surveillance écosystémique communautaire pour la prise de décisions et l'élaboration de politiques à l'échelon local favorisant un développement durable : |w(CaOODSP)9.643095
85640|ahttp://publications.gc.ca|qPDF|s536 KB|uhttps://publications.gc.ca/collections/collection_2014/ec/En14-155-2003-eng.pdf